A impressão (Registo nº 2778)

Detalhes MARC
000 -Etiqueta do registo
Cabeçalho 00526nam a22002171 4500
005 - Identificador da versão
Campo de controlo 20240828113029.0
100 ## - Dados gerais de processamento
Dados gerais de processamento 19900315d1977 am y0pory5003 ba
101 1# - Língua de publicação
Língua do texto, banda sonora, etc. Português
102 ## - Pais de publicação ou produção
País de publicação Portugal
106 ## - Campo de dados codificados: material textual
Dados codificados do material textual r
200 1# - Titulo e menção de responsabilidade
Título próprio A impressão
Primeira menção de responsabilidade Rosemary Simmons
205 ## - Menção da edição
Menção da edição 1ª ed
210 ## - Publicação, Distribuição, etc. 
Lugar da edição, distribuição, etc. Queluz
Nome do editor, distribuidor, etc. Celditor
Data da publicação, distribuição, etc. 1977
215 ## - Descrição física 
Indicação específica da natureza do documento e extensão da espécie 63 p.
Outras indicações físicas il.
Dimensões 28 cm
225 2# - Colecção 
Título próprio da colecção A arte em sua casa
Indicação de volume 2
606 ## - Nome comum usado como assunto
Número de registo de entrada de autoridade 0001439
Palavra de ordem Arte
Subdivisão de assunto Trabalhos manuais
675 ## - Classificação Decimal Universal (CDU)
Notação 745
Edição
Língua da edição por
700 #1 - Nome de autor-pessoa física (responsabilidade principal)
Número de registo de entrada de autoridade 0001755
Palavra de ordem Simmons
Outra parte do nome não tomada para palavra de ordem Rosemary
942 ## - Elementos de entrada adicionados (Koha)
Tipo de item no Koha Livro
Exemplares
Situação do levantamento Origin of item (home branch) (coded) Biblioteca de empréstimo Código de barras Cota Circulation type (not for loan) Tipo de documento Nota do exemplar Damaged status
  Biblioteca Escolar da Coca Maravilhas Biblioteca Escolar da Coca Maravilhas BECM159/90 7TMA SIM   Livro Sem mensagem